| 000 | 00579pab a2200205 454500 | ||
|---|---|---|---|
| 008 | 180718b2017 xxu||||| |||| 00| 0 eng d | ||
| 100 | _aBloom, Pazit Ben-Nun | ||
| 245 | _aDoes exposure to other cultures affect the impact of economic globalization on gender equality? | ||
| 260 | _c2017 | ||
| 300 | _ap.378-395. | ||
| 362 | _aJun | ||
| 650 | _aCulture | ||
| 650 | _aDemocracy | ||
| 650 | _aWomen | ||
| 650 | _aEconomic globalization | ||
| 700 | _aFreedman, Michael | ||
| 700 | _aGilad, Sharon | ||
| 773 | _aInternational Political Science Review | ||
| 909 | _a115563 | ||
| 999 |
_c115557 _d115557 |
||